000 01070njm a22002657a 4500
005 20100913100347.0
007 sd ammalaaahaa
008 100913t xxu||||| |||| 00| 0 hin d
028 _as/7lpe. 4010
_bHis Master's Voice
035 _aGR-03428
040 _aSED/VEN
100 _919606
_aHari Om Sharan
245 _aShri Hanuman Chalisa Part. 1 /
_h[sound recording] :
_cby Hari Om Sharan ; music by Murli Manohar Swarup
246 _aश्री हनुमान चालीसा
260 _aDum Dum, India
_bHis Master's Voice
_c1974
300 _a1 sound disc [Gramophone record] :
_banalog, 45 rpm
_c7 in.
_fGramophone record
500 _aBrief record.
500 _aHis Master's Voice
500 _aOrange
505 _aPart.2 Sankatmochan Hanumanashtak (Hari Om Sharan) संकटमोचन हनुमानाष्टक
650 _xExcerpts
_zIndia
_919607
_aHindi Devotional
700 _aMurli Manohar Swarup
_921190
942 _2ddc
_cGR
999 _c47549
_d47549